<?xml version="1.0" encoding="UTF-8"?>
<record
    xmlns:xsi="http://www.w3.org/2001/XMLSchema-instance"
    xsi:schemaLocation="http://www.loc.gov/MARC21/slim http://www.loc.gov/standards/marcxml/schema/MARC21slim.xsd"
    xmlns="http://www.loc.gov/MARC21/slim">

  <leader>00956nam a2200229Ia 4500</leader>
  <datafield tag="999" ind1=" " ind2=" ">
    <subfield code="c">39382</subfield>
    <subfield code="d">39382</subfield>
  </datafield>
  <controlfield tag="001">5971</controlfield>
  <controlfield tag="003">GE_BSU</controlfield>
  <controlfield tag="005">20191030143858.0</controlfield>
  <controlfield tag="008">181216s2012||||ge |||||||||||||| ||geo||</controlfield>
  <datafield tag="040" ind1=" " ind2=" ">
    <subfield code="c">GE_BSU</subfield>
  </datafield>
  <datafield tag="041" ind1=" " ind2=" ">
    <subfield code="a">geo</subfield>
  </datafield>
  <datafield tag="080" ind1=" " ind2=" ">
    <subfield code="a">616.8(084.4)(075.8) &#x10D1;-17</subfield>
  </datafield>
  <datafield tag="100" ind1=" " ind2=" ">
    <subfield code="a">&#x10D1;&#x10D0;&#x10D6;&#x10D8;&#x10D0;&#x10E8;&#x10D5;&#x10D8;&#x10DA;&#x10D8;, &#x10D5;.</subfield>
    <subfield code="9">5108</subfield>
  </datafield>
  <datafield tag="245" ind1=" " ind2=" ">
    <subfield code="a">&#x10DD;&#x10DE;&#x10D4;&#x10E0;&#x10D0;&#x10EA;&#x10D8;&#x10E3;&#x10DA;&#x10D8; &#x10DB;&#x10D8;&#x10D3;&#x10D2;&#x10DD;&#x10DB;&#x10D4;&#x10D1;&#x10D8; &#x10DC;&#x10D4;&#x10D8;&#x10E0;&#x10DD;&#x10E5;&#x10D8;&#x10E0;&#x10E3;&#x10E0;&#x10D2;&#x10D8;&#x10D0;&#x10E8;&#x10D8; :</subfield>
    <subfield code="b">&#x10D0;&#x10E2;&#x10DA;&#x10D0;&#x10E1;&#x10D8; / </subfield>
    <subfield code="c"> &#x10D5;. &#x10D1;&#x10D0;&#x10D6;&#x10D8;&#x10D0;&#x10E8;&#x10D5;&#x10D8;&#x10DA;&#x10D8; ; &#x10E0;&#x10D4;&#x10D3;. &#x10D2;&#x10D8;&#x10DD;&#x10E0;&#x10D2;&#x10D8; &#x10D5;&#x10D0;&#x10DA;&#x10D8;&#x10E8;&#x10D5;&#x10D8;&#x10DA;&#x10D8;.</subfield>
  </datafield>
  <datafield tag="264" ind1=" " ind2=" ">
    <subfield code="a">&#x10D7;&#x10D1;&#x10D8;&#x10DA;&#x10D8;&#x10E1;&#x10D8; :</subfield>
    <subfield code="b">&#x10E8;.&#x10DE;.&#x10E1;. &#x10DE;&#x10D8;&#x10D0;&#x10E0;&#x10D8;,</subfield>
    <subfield code="c">2012.</subfield>
  </datafield>
  <datafield tag="300" ind1=" " ind2=" ">
    <subfield code="a">94 &#x10D2;&#x10D5;. ;</subfield>
    <subfield code="b">28 &#x10E1;&#x10DB;.</subfield>
  </datafield>
  <datafield tag="504" ind1=" " ind2=" ">
    <subfield code="a">&#x10D1;&#x10D8;&#x10D1;&#x10DA;&#x10D8;&#x10DD;&#x10D2;&#x10E0;.: &#x10D2;&#x10D5;. 94</subfield>
  </datafield>
  <datafield tag="653" ind1=" " ind2=" ">
    <subfield code="a">&#x10DC;&#x10D4;&#x10D8;&#x10E0;&#x10D8;&#x10E5;&#x10D8;&#x10E0;&#x10E3;&#x10E0;&#x10D2;&#x10D8;&#x10D0;</subfield>
  </datafield>
  <datafield tag="653" ind1=" " ind2=" ">
    <subfield code="a">&#x10DB;&#x10D4;&#x10D3;&#x10D8;&#x10EA;&#x10D8;&#x10DC;&#x10D0;</subfield>
  </datafield>
  <datafield tag="700" ind1=" " ind2=" ">
    <subfield code="a">&#x10D5;&#x10D0;&#x10DA;&#x10D8;&#x10E8;&#x10D5;&#x10D8;&#x10DA;&#x10D8;, &#x10D2;&#x10D8;&#x10DD;&#x10E0;&#x10D2;&#x10D8;</subfield>
    <subfield code="e">&#x10E0;&#x10D4;&#x10D3;&#x10D0;&#x10E5;&#x10E2;&#x10DD;&#x10E0;&#x10D8;</subfield>
    <subfield code="9">5109</subfield>
  </datafield>
  <datafield tag="942" ind1=" " ind2=" ">
    <subfield code="c">BK</subfield>
    <subfield code="2">udc</subfield>
  </datafield>
  <datafield tag="952" ind1=" " ind2=" ">
    <subfield code="0">0</subfield>
    <subfield code="1">0</subfield>
    <subfield code="2">udc</subfield>
    <subfield code="4">0</subfield>
    <subfield code="6">616808440758_&#x10D1;17</subfield>
    <subfield code="7">0</subfield>
    <subfield code="9">42421</subfield>
    <subfield code="a">CPL</subfield>
    <subfield code="b">CPL</subfield>
    <subfield code="c">GEN</subfield>
    <subfield code="d">2018-12-17</subfield>
    <subfield code="o">616.8(084.4)(075.8) &#x10D1;-17</subfield>
    <subfield code="p">6611</subfield>
    <subfield code="r">2018-12-17</subfield>
    <subfield code="t">661</subfield>
    <subfield code="w">2018-12-17</subfield>
    <subfield code="y">BK</subfield>
  </datafield>
  <datafield tag="952" ind1=" " ind2=" ">
    <subfield code="0">0</subfield>
    <subfield code="1">0</subfield>
    <subfield code="2">udc</subfield>
    <subfield code="4">0</subfield>
    <subfield code="6">616808440758_&#x10D1;17</subfield>
    <subfield code="7">0</subfield>
    <subfield code="9">42422</subfield>
    <subfield code="a">CPL</subfield>
    <subfield code="b">CPL</subfield>
    <subfield code="c">GEN</subfield>
    <subfield code="d">2018-12-17</subfield>
    <subfield code="o">616.8(084.4)(075.8) &#x10D1;-17</subfield>
    <subfield code="p">6612</subfield>
    <subfield code="r">2018-12-17</subfield>
    <subfield code="t">6612</subfield>
    <subfield code="w">2018-12-17</subfield>
    <subfield code="y">BK</subfield>
  </datafield>
</record>
